000 00821nam a2200229 i 4500
001 21221
003 ES-MaACL
005 20251003063037.0
007 t|
008 021122s1971 sp ||||1| spa d
080 _a001.891
100 1 _aAlbareda Herrera, José María,
_d1902-1966
_9157514
245 1 0 _aVida de la inteligencia /
_cJosé María Albareda Herrera ; presentación y selección, Enrique Gutiérrez Ríos.
260 _aMadrid :
_bMagisterio Español,
_c[1971]
300 _a154 p. :
_bil. ;
_c18 cm.
490 1 _aNovelas y cuentos ;
_v93. Cultura. Ciencias humanas
650 7 _aInvestigación
_2embne
_913892
700 1 _aGutiérrez Ríos, Enrique.
_961213
830 1 0 _aNovelas y cuentos
_v93. Cultura. Ciencias humanas
_9179596
852 _aES-MaACL
_jC-45987
999 _c21221
_d21221